| 000 | 00838cam a2200241 a 4500 | ||
|---|---|---|---|
| 999 |
_c4885 _d4885 |
||
| 001 | 245092 | ||
| 003 | 0 | ||
| 005 | 20250421162120.0 | ||
| 008 | 030320s1993 nyua j 000 0 eng | ||
| 010 | _a92037587 /AC/r94 | ||
| 020 | _a0590472801 | ||
| 040 |
_aDLC _cDLC _dDLC |
||
| 050 | 0 | 0 |
_aPZ8.1.G445 _bSo 1993 |
| 082 | 0 | 0 |
_a398.21 _aE _220 _bG487 |
| 100 | 1 |
_aGilman, Phoebe, _d1940- |
|
| 245 | 1 | 0 |
_aSomething from nothing / _cadapted from a Jewish folktale [by] Phoebe Gilman. |
| 260 |
_aNew York : _bScholastic, _cc1992. |
||
| 300 |
_a27 p. : _bcol. ill. ; _c30 cm. |
||
| 520 | _aIn this retelling of a traditional Jewish folktale, Joseph's baby blanket is transformed into ever smaller items as he grows until there is nothing left--but then Joseph has an idea. | ||
| 650 | 1 |
_aJews _xFolklore. |
|
| 650 | 1 | _aFolklore. | |
| 942 |
_2ddc _cNFIC |
||